000 00801nam a2200253 a 4500
001 BRCA_5221
005 20190320205005.0
008 261110s1918----gw-a######---#000-0#ger-#
041 _ager
044 _agw
050 4 _aND653
_b.V47 1918
100 1 _aVerhaeren, Émile
_913370
245 1 0 _aRembrandt
_cÉmile Verhaeren ; übertragung von Stefan Zweig.
260 _aLeipzig, Alemania
_bInsel
_c1918
300 _a102 p.
_bil., 96 láminas
_c23 cm.
500 _aIncluye índice de ilustraciones y de grabados
500 _aCon ex-libris de: Comitis Maximiliani Ludovici, Holnstein, Ex Bavaria
500 _aE55
600 1 4 _aHarmenszoon van Rijn, Rembrandt
_d1606-1669
_913371
650 1 4 _aPintores holandeses
_913372
700 1 _aZweig, Stefan
_913373
902 _aGFM
942 _2lcc
_cB
999 _c4915
_d4915